LEADER 00718nam a2200181 i 4500 001 000000250660 003 CaOOAMICUS 005 20160811000000.0 008 160811s1836 xx u000 u fre u 013 $a229565 040 $aSeMil$bita 245 10$aTome 2. 300 $a430 p., [1] c. di tav. ripieg. :$bill., c. geogr. 773 0 $aTocqueville, Alexis : de <1805-1859>$tDe la démocratie en Amérique.$dParis : Charles Gosselin (Paris : Imprimerie et fonderie de Fain, 1836)$b5. éd. revue et corrigée.$g2$w()33318 850 $aSeMil 852 $aSeMil$W1$xVenegono$y1$m3L I 70 FA$j201006$B201006$CSeMilBibl$Z2$F212737 $8I 961 $aRecupero: Mantegazza 996 $6245$aTome 2$9(OLS)http://semarc/title/1533 LEADER 01053nam a2200253 i 4500 001 000000117622 003 CaOOAMICUS 005 20230331155046.0 008 050715s1967 gw u000 u ger u 040 $aSeMil$bita 100 1 $aSchramm, Ulf.$0(OLS)http://semarc/name/49089 245 10$aFiktion und Reflexion :$bÜberlegungen zu Musil und Beckett /$cUlf Schramm. 264 1$aFrankfurt am Main :$bSuhrkamp,$c1967. 300 $a272 p. ;$c19 cm. 500 $aDalla Biblioteca del Card. Giovanni Colombo. 600 14$aBeckett, Samuel <1906-1989>.$0(OLS)http://semarc/subject/15594 600 14$aMusil, Robert <1880-1942>.$0(OLS)http://semarc/subject/10038 850 $aSeMil 852 $aSeMil$W1$xVenegono$y1$m1R I 16$j239174$B72988$CSeMilBibl$Z2$F100374 $81 941 1 $a3 961 $aLascito: Colombo Card. Giovanni 996 $6245$aFiktion und Reflexion :$bÜberlegungen zu Musil und Beckett$9(OLS)http://semarc/title/172677 996 $6264$aFrankfurt am Main :$bSuhrkamp$9(OLS)http://semarc/publisher/30353